LIBRARY ONLINE CATALOGUE

Air pollution, acid rain and the future of forests. (Record no. 6638)

MARC details
000 -LEADER
fixed length control field 00782nam a22002412 4500
001 - CONTROL NUMBER
control field 0000004753
005 - DATE AND TIME OF LATEST TRANSACTION
control field 20151217151940.0
008 - FIXED-LENGTH DATA ELEMENTS--GENERAL INFORMATION
fixed length control field 070529s xx 000 0 eng d
020 ## - INTERNATIONAL STANDARD BOOK NUMBER
International Standard Book Number 0916468577 :
Terms of availability GBP 8.00
040 ## - CATALOGING SOURCE
Original cataloging agency KABU
Transcribing agency KABU
050 #0 - LIBRARY OF CONGRESS CALL NUMBER
Classification number SB745
Item number .P67
100 1# - MAIN ENTRY--PERSONAL NAME
Personal name Postel, Sandra.
-- 0000155521
245 10 - TITLE STATEMENT
Title Air pollution, acid rain and the future of forests.
260 ## - PUBLICATION, DISTRIBUTION, ETC. (IMPRINT)
Place of publication, distribution, etc. Washington, DC :
Name of publisher, distributor, etc. Worldwatch,
Date of publication, distribution, etc. 1984.
300 ## - PHYSICAL DESCRIPTION
Extent 54 p.
650 #0 - SUBJECT ADDED ENTRY--TOPICAL TERM
Topical term or geographic name as entry element Trees
General subdivision Effect of air pollution on.
-- 0000155522
650 #0 - SUBJECT ADDED ENTRY--TOPICAL TERM
Topical term or geographic name as entry element Trees
General subdivision Effect of acid precipitation.
-- 0000155523
908 ## - PUT COMMAND PARAMETER (RLIN)
Put command parameter 070529
950 ## - LOCAL HOLDINGS (RLIN)
-- 1
Holdings
Withdrawn status Lost status Source of classification or shelving scheme Not for loan Home library Current library Date acquired Total Checkouts Full call number Barcode Date last seen Price effective from Koha item type
    Library of Congress Classification   Kabarak, Main Campus Kabarak, Main Campus 17/12/2015   SB745 .P67 007141 17/12/2015 17/12/2015 General Collection
    Library of Congress Classification   Kabarak, Main Campus Kabarak, Main Campus 17/12/2015   SB745 .P67 007142 17/12/2015 17/12/2015 General Collection
    Library of Congress Classification   Kabarak, Main Campus Kabarak, Main Campus 17/12/2015   SB745 .P67 007143 17/12/2015 17/12/2015 General Collection